000 00309nam a22001217a 4500
040 _cNust
082 _a297.7
_bASH
100 _aMaulana Ashraf Ali Thanvi
_9114492
245 _aبہشتی زیور
260 _aLahore:
_bMaktaba Rehmania,
_c1995.
650 _aبہشتی زیور
_9121343
942 _2ddc
_cBK
999 _c612531
_d612531